[Event "CYCC U14"]
[Site "Windsor CAN"]
[Date "2010.07.06"]
[Round "1"]
[White "Semianiuk, Konstantin"]
[Black "Myers, Joshua"]
[Result "1-0"]
[WhiteElo "2041"]
[BlackElo "1498"]
[PlyCount "77"]
[EventDate "2010.07.06"]
[EventType "swiss"]
[EventRounds "7"]
[EventCountry "CAN"]

1. e4 c5 2. Nf3 d6 3. Bb5+ Bd7 4. Bxd7+ Qxd7 5. c4 e6 6. d4 cxd4 7. Nxd4 Nf6 8.
Nc3 Nc6 9. O-O Be7 10. Nc2 Rc8 11. b3 O-O 12. Ne3 a6 13. Bb2 Na7 14. Qd3 b5 15.
Rfd1 Rfd8 16. a4 b4 17. Ne2 Qb7 18. Ng3 Rd7 19. Ra2 Rcd8 20. Ba1 a5 21. Rad2
Nc8 22. Qc2 Nb6 23. h3 Rc8 24. Qb2 Bf8 25. f3 Rcc7 26. Kh2 d5 27. cxd5 exd5 28.
e5 Ne8 29. Nef5 Rc3 30. Ne2 g6 31. Nfd4 Re3 32. Nc2 Rxe5 33. f4 d4 34. fxe5 Bg7
35. Ncxd4 Bxe5+ 36. Kh1 Rd5 37. Qc2 Bc7 38. Qe4 Nf6 39. Qf3 1-0

[Event "CYCC U14"]
[Site "Windsor CAN"]
[Date "2010.07.06"]
[Round "1"]
[White "Su, Stanley"]
[Black "Sohal, Tanraj"]
[Result "0-1"]
[WhiteElo "1608"]
[BlackElo "2094"]
[PlyCount "80"]
[EventDate "2010.07.06"]
[EventType "swiss"]
[EventRounds "7"]
[EventCountry "CAN"]

1. e4 c5 2. Na3 e6 3. c3 Nc6 4. f4 d5 5. e5 a6 6. Nf3 g6 7. Nc2 Bg7 8. d4 cxd4
9. Ncxd4 Nge7 10. Be3 O-O 11. Be2 Qc7 12. O-O f5 13. h4 h5 14. Ng5 Nxd4 15.
Bxd4 Bh6 16. Rf3 Bxg5 17. hxg5 Kg7 18. Rh3 Rh8 19. Qb3 Bd7 20. c4 Bc6 21. Qb4
a5 22. Qd6 Qd7 23. cxd5 Nxd5 24. Qxd7+ Bxd7 25. Rf3 Bc6 26. Rf2 Rhd8 27. Bc4
Kf7 28. a3 Rac8 29. Bxd5 Rxd5 30. Bc3 Rcd8 31. Rc1 Rc5 32. Rff1 Rd3 33. Kf2 Rc4
34. Kg1 Rg3 35. Rf2 h4 36. Kh2 Rg4 37. Bd2 Rd4 38. Rc2 Rd3 39. Bc1 h3 40. Rc3
hxg2 0-1

[Event "CYCC U14"]
[Site "Windsor CAN"]
[Date "2010.07.06"]
[Round "2"]
[White "Bao, Tony"]
[Black "Su, Stanley"]
[Result "1-0"]
[WhiteElo "1221"]
[BlackElo "1608"]
[PlyCount "61"]
[EventDate "2010.07.06"]
[EventType "swiss"]
[EventRounds "7"]
[EventCountry "CAN"]

1. d4 Nf6 2. e3 g6 3. Nf3 Bg7 4. Bd3 d6 5. O-O O-O 6. c3 Nc6 7. Nbd2 e5 8. e4
Ne8 9. Nb3 Bg4 10. Be3 f5 11. exf5 Bxf5 12. Bg5 Qc8 13. dxe5 Nxe5 14. Nxe5 Bxe5
15. Bc4+ Be6 16. Qd3 Kh8 17. Bxe6 Qxe6 18. Be3 Nf6 19. f4 Bxc3 20. Qxc3 Kg8 21.
Rae1 Qf5 22. Qxc7 Rfe8 23. Qxd6 Ng4 24. Bd2 Qb5 25. Rxe8+ Rxe8 26. Qd4 Qb6 27.
Kh1 Nf6 28. Re1 Rd8 29. Qe3 Qxe3 30. Bxe3 Rd3 31. Bxa7 1-0

[Event "CYCC U14"]
[Site "Windsor CAN"]
[Date "2010.07.06"]
[Round "2"]
[White "Cheng, Guy"]
[Black "Haggith, Robert"]
[Result "1-0"]
[WhiteElo "1404"]
[BlackElo "906"]
[PlyCount "171"]
[EventDate "2010.07.06"]
[EventType "swiss"]
[EventRounds "7"]
[EventCountry "CAN"]

1. d4 d5 2. c4 dxc4 3. Nc3 Bg4 4. f3 Bf5 5. e4 Be6 6. d5 Bd7 7. Bxc4 b5 8. Nxb5
a6 9. Nc3 e6 10. Be3 Qh4+ 11. Bf2 Qg5 12. g3 Bb4 13. f4 Qf6 14. Bd4 Qg6 15. Nf3
Bxc3+ 16. Bxc3 Qxe4+ 17. Qe2 Qxe2+ 18. Kxe2 Nf6 19. Bxf6 gxf6 20. Kf2 c6 21.
dxe6 Bxe6 22. Rhe1 Ra7 23. Bxe6 fxe6 24. Rxe6+ Re7 25. Rxf6 Rf8 26. Rxf8+ Kxf8
27. Ne5 c5 28. Re1 Rc7 29. b4 Nd7 30. Nxd7+ Rxd7 31. bxc5 Rd2+ 32. Kg1 a5 33.
c6 Rd8 34. Re5 Rc8 35. Rxa5 Rxc6 36. Ra8+ Kg7 37. Kg2 h5 38. Ra5 Kg6 39. Kh3
Rc2 40. a4 Ra2 41. Rg5+ Kh6 42. a5 Ra3 43. Kh4 Ra2 44. Rxh5+ Kg6 45. Kg4 Rf2
46. f5+ Kg7 47. a6 Ra2 48. Rg5+ Kf7 49. Rh5 Kg7 50. Kg5 Rxa6 51. g4 Ra4 52. Rh3
Ra2 53. f6+ Kg8 54. Kg6 Rg2 55. g5 Rf2 56. Re3 Kf8 57. h4 Rd2 58. Ra3 Rd8 59.
h5 Kg8 60. h6 Kh8 61. Ra7 Rg8+ 62. Rg7 Rf8 63. h7 Rxf6+ 64. Kh5 Kxg7 65. h8=Q+
Kxh8 66. gxf6 Kg8 67. Kg6 Kf8 68. f7 Ke7 69. Kg7 Ke6 70. f8=Q Ke5 71. Qf6+ Ke4
72. Qg5 Kd4 73. Qf5 Kc4 74. Qe5 Kd3 75. Qf4 Ke2 76. Qg3 Kd2 77. Qf3 Kc2 78. Qe3
Kb2 79. Qd3 Kc1 80. Qe2 Kb1 81. Qd2 Ka1 82. Kf6 Kb1 83. Ke5 Ka1 84. Kd4 Kb1 85.
Kc3 Ka1 86. Qb2# 1-0

[Event "CYCC U14"]
[Site "Windsor CAN"]
[Date "2010.07.06"]
[Round "2"]
[White "Farrant-Diaz, Nathan"]
[Black "Qin, Zi Yi (Joey)"]
[Result "0-1"]
[WhiteElo "1716"]
[BlackElo "2340"]
[PlyCount "74"]
[EventDate "2010.07.06"]
[EventType "swiss"]
[EventRounds "7"]
[EventCountry "CAN"]

1. e4 c5 2. Nc3 d6 3. g3 Nc6 4. Bg2 g6 5. d3 Bg7 6. Be3 e5 7. Qd2 Nge7 8. Bh6
O-O 9. Bxg7 Kxg7 10. Nge2 Be6 11. Nd1 d5 12. f3 f6 13. Nf2 d4 14. O-O Qd7 15.
a3 Rac8 16. Nc1 Rfd8 17. Ne2 a6 18. Nc1 b5 19. Ne2 c4 20. Qe1 Qc7 21. Rc1 Qd7
22. Qd2 Rc7 23. Rb1 c3 24. bxc3 dxc3 25. Qe3 Qd6 26. Ra1 a5 27. Rfb1 b4 28.
axb4 Nxb4 29. Qc1 Nec6 30. Ra3 Na2 31. Rxa2 Bxa2 32. Ra1 Be6 33. Ra3 Nd4 34.
Nxd4 Qxd4 35. Rxa5 Rb8 36. Kf1 Rcb7 37. Ke2 Rb2 0-1

[Event "CYCC U14"]
[Site "Windsor CAN"]
[Date "2010.07.06"]
[Round "2"]
[White "Granville, Matt"]
[Black "Passador, Stephen"]
[Result "0-1"]
[WhiteElo "893"]
[BlackElo "1362"]
[PlyCount "68"]
[EventDate "2010.07.06"]
[EventType "swiss"]
[EventRounds "7"]
[EventCountry "CAN"]

1. e3 d5 2. Be2 e5 3. Bh5 Nf6 4. Be2 Nc6 5. Nf3 Bc5 6. d4 Bd6 7. Na3 O-O 8. h4
e4 9. Nh2 Bd7 10. Rf1 Bxh2 11. Rh1 Bd6 12. Qd2 Ne7 13. Rb1 c5 14. Rh3 Bxh3 15.
gxh3 c4 16. Nb5 Bb8 17. b4 a6 18. f3 axb5 19. Kf2 exf3 20. Qc3 fxe2 21. Qe1
Ne4+ 22. Kf3 Qd6 23. Bd2 Qf6+ 24. Kg2 Qf1+ 25. Qxf1 exf1=Q+ 26. Kxf1 Nxd2+ 27.
Ke1 Nxb1 28. Kd1 Nc3+ 29. Kd2 Ne4+ 30. Ke2 Rxa2 31. Kf3 Rxc2 32. Kg4 f5+ 33.
Kh5 Ng3+ 34. Kg5 h6# 0-1

[Event "CYCC U14"]
[Site "Windsor CAN"]
[Date "2010.07.06"]
[Round "2"]
[White "Jeyapragasan, Kuhan"]
[Black "Chuchin, Sasha"]
[Result "0-1"]
[WhiteElo "1147"]
[BlackElo "1480"]
[PlyCount "86"]
[EventDate "2010.07.06"]
[EventType "swiss"]
[EventRounds "7"]
[EventCountry "CAN"]

1. e4 e5 2. Nf3 Nf6 3. Nxe5 d6 4. Nf3 Nxe4 5. d4 d5 6. Bd3 Nc6 7. c4 Bb4+ 8.
Nbd2 Bxd2+ 9. Bxd2 Nxd2 10. Qxd2 O-O 11. O-O-O h6 12. Qc2 Nb4 13. Qb3 Nxd3+ 14.
Qxd3 Bg4 15. c5 Qf6 16. h3 Bxf3 17. Qxf3 Qxf3 18. gxf3 Rfe8 19. Rhe1 Kf8 20.
Re3 Re6 21. Rde1 Rae8 22. f4 b6 23. f5 Rxe3 24. Rxe3 Rxe3 25. fxe3 Ke7 26. b4
b5 27. Kb2 Kf6 28. Kb3 Kxf5 29. a4 a6 30. a5 g5 31. Kc3 Ke4 32. Kd2 h5 33. Ke2
f5 34. Kf2 h4 35. Ke2 g4 36. hxg4 fxg4 37. Kf2 g3+ 38. Ke2 h3 39. Kf1 Kxe3 40.
Kg1 Kf3 41. c6 h2+ 42. Kh1 g2+ 43. Kxh2 Kf2 0-1

[Event "CYCC U14"]
[Site "Windsor CAN"]
[Date "2010.07.06"]
[Round "2"]
[White "Kalra, Agastya"]
[Black "Chan, Alex"]
[Result "0-1"]
[WhiteElo "2004"]
[BlackElo "1820"]
[PlyCount "90"]
[EventDate "2010.07.06"]
[EventType "swiss"]
[EventRounds "7"]
[EventCountry "CAN"]

1. e4 e5 2. Nf3 Nc6 3. d4 exd4 4. Nxd4 Bc5 5. Be3 Qf6 6. c3 Nge7 7. Bc4 Ne5 8.
Be2 d5 9. f4 Ng4 10. Bxg4 Qh4+ 11. Bf2 Qxg4 12. Qxg4 Bxg4 13. h3 Bd7 14. g4
dxe4 15. Nd2 O-O-O 16. O-O-O Bd6 17. Be3 Nd5 18. Rhe1 Bxf4 19. Bxf4 Nxf4 20.
Nxe4 Nxh3 21. Nf5 Bxf5 22. gxf5 Nf4 23. Kc2 h5 24. Rg1 g6 25. Rdf1 Nd5 26. Rf3
gxf5 27. Ng5 Rhg8 28. Rd3 f6 29. Ne6 Rxg1 30. Nxd8 Kxd8 31. Rxd5+ Ke7 32. Rxf5
Rg5 33. Rf4 Ke6 34. Rb4 b6 35. Rc4 Rc5 36. Ra4 a5 37. a3 Kf5 38. b4 Rc4 39. Kd3
Rg4 40. c4 axb4 41. axb4 h4 42. Ra7 Rg7 43. c5 bxc5 44. Ra5 Kg4 45. Rxc5 h3 0-1

[Event "CYCC U14"]
[Site "Windsor CAN"]
[Date "2010.07.06"]
[Round "2"]
[White "Leu, Richard"]
[Black "Gagnon, Justin"]
[Result "1-0"]
[WhiteElo "2036"]
[BlackElo "1824"]
[PlyCount "111"]
[EventDate "2010.07.06"]
[EventType "swiss"]
[EventRounds "7"]
[EventCountry "CAN"]

1. d4 e6 2. c4 d5 3. Nc3 Bb4 4. e3 Nf6 5. Qc2 Nc6 6. a3 Bxc3+ 7. Qxc3 a6 8. Bd3
b6 9. Ne2 Bb7 10. O-O dxc4 11. Qxc4 Qd5 12. Qxd5 exd5 13. b4 O-O 14. f3 a5 15.
Bd2 axb4 16. axb4 h6 17. b5 Na5 18. Bxa5 Rxa5 19. Rxa5 bxa5 20. Rc1 Re8 21. Kf2
Re7 22. Nc3 Nd7 23. Na4 Nb6 24. Nc5 Bc8 25. Ra1 a4 26. Nxa4 Nxa4 27. Rxa4 Bd7
28. Ra7 Kf8 29. Rxc7 Be6 30. Rxe7 Kxe7 31. e4 Kd6 32. Ke3 Kc7 33. Kd2 Kb6 34.
Kc3 Ka5 35. e5 Bd7 36. f4 g6 37. h3 h5 38. Kd2 Bf5 39. Bxf5 gxf5 40. g4 hxg4
41. hxg4 fxg4 42. f5 Kxb5 43. Ke3 Kc6 44. Kf4 g3 45. Kxg3 Kd7 46. Kg4 Ke7 47.
Kh5 Ke8 48. Kh6 Kf8 49. Kh7 f6 50. e6 Ke8 51. Kg6 Ke7 52. Kg7 Ke8 53. Kxf6 Kf8
54. Kg6 Kg8 55. e7 Kh8 56. e8=Q# 1-0

[Event "CYCC U14"]
[Site "Windsor CAN"]
[Date "2010.07.06"]
[Round "2"]
[White "Myers, Joshua"]
[Black "Bacic, Andrew"]
[Result "1-0"]
[WhiteElo "1498"]
[BlackElo "1156"]
[PlyCount "57"]
[EventDate "2010.07.06"]
[EventType "swiss"]
[EventRounds "7"]
[EventCountry "CAN"]

1. e4 d5 2. exd5 Qxd5 3. Nc3 Qd8 4. f4 Nf6 5. Nf3 Nc6 6. Be2 Bf5 7. O-O e6 8.
d4 Nb4 9. Ne1 Nc6 10. Be3 Qd7 11. Qd2 O-O-O 12. Rd1 g6 13. a3 Bg7 14. Na2 Ne4
15. Qc1 Qe7 16. c3 h6 17. b4 g5 18. a4 Bf6 19. a5 gxf4 20. Bxf4 Nxd4 21. cxd4
Bxd4+ 22. Be3 Qg5 23. Rxd4 Qh4 24. Rc4 c6 25. Rxc6+ Kb8 26. Bf4+ Ka8 27. a6 b6
28. Rc7 Rhg8 29. Qc6+ 1-0

[Event "CYCC U14"]
[Site "Windsor CAN"]
[Date "2010.07.06"]
[Round "2"]
[White "Schneider, Corin"]
[Black "Florea, Alexandru"]
[Result "0-1"]
[WhiteElo "1630"]
[BlackElo "2076"]
[PlyCount "28"]
[EventDate "2010.07.06"]
[EventType "swiss"]
[EventRounds "7"]
[EventCountry "CAN"]

1. d4 Nf6 2. c4 e6 3. Nf3 b6 4. g3 Bb7 5. Bg2 d5 6. Ne5 Nbd7 7. Nxd7 Qxd7 8.
O-O c5 9. e3 dxc4 10. a4 Bxg2 11. Kxg2 cxd4 12. exd4 Be7 13. Na3 O-O 14. Nxc4
Qd5+ 0-1

[Event "CYCC U14"]
[Site "Windsor CAN"]
[Date "2010.07.06"]
[Round "2"]
[White "Sohal, Tanraj"]
[Black "Itkin, David"]
[Result "1-0"]
[WhiteElo "2094"]
[BlackElo "1966"]
[PlyCount "53"]
[EventDate "2010.07.06"]
[EventType "swiss"]
[EventRounds "7"]
[EventCountry "CAN"]

1. d4 Nf6 2. c4 e5 3. dxe5 Ng4 4. Nf3 Bc5 5. e3 Nc6 6. a3 a5 7. Nc3 O-O 8. Bd3
Ncxe5 9. Nxe5 Nxe5 10. Bxh7+ Kxh7 11. Qh5+ Kg8 12. Qxe5 d6 13. Qg3 Be6 14. b3
c6 15. Bb2 f6 16. O-O d5 17. Rad1 Bd6 18. Qg6 Bf7 19. Qd3 Qc7 20. g3 Bh5 21.
Rd2 f5 22. cxd5 f4 23. dxc6 Rad8 24. Nb5 fxg3 25. hxg3 Qc8 26. Qd5+ Bf7 27. Qd4
1-0

[Event "CYCC U14"]
[Site "Windsor CAN"]
[Date "2010.07.06"]
[Round "2"]
[White "Zhao, Donovan"]
[Black "Posaratnanathan, Juliaan"]
[Result "1/2-1/2"]
[WhiteElo "1656"]
[BlackElo "1768"]
[PlyCount "71"]
[EventDate "2010.07.06"]
[EventType "swiss"]
[EventRounds "7"]
[EventCountry "CAN"]

1. e4 c5 2. Nf3 Nc6 3. d4 cxd4 4. Nxd4 Nf6 5. Nc3 d6 6. Be2 Bd7 7. Be3 a6 8.
O-O e6 9. Nb3 Be7 10. f4 O-O 11. Bf3 Rb8 12. a3 Qc7 13. Qd2 Rbd8 14. Rfd1 b5
15. Qf2 Rb8 16. Rac1 a5 17. Ne2 a4 18. Nbd4 e5 19. Nxc6 Bxc6 20. Ng3 Qb7 21.
fxe5 dxe5 22. Bg5 h6 23. Bxf6 Bxf6 24. Qe2 Bg5 25. Rb1 Qb6+ 26. Kh1 Rfd8 27. c3
Be3 28. Nf5 Bc5 29. h3 Kh7 30. Qe1 g6 31. Bg4 gxf5 32. Bxf5+ Kh8 33. Qh4 Be3
34. Qf6+ Kg8 35. Bh7+ Kxh7 36. Qxf7+ 1/2-1/2

[Event "CYCC U14"]
[Site "Windsor CAN"]
[Date "2010.07.07"]
[Round "3"]
[White "Bacic, Andrew"]
[Black "Granville, Matt"]
[Result "1-0"]
[WhiteElo "1156"]
[BlackElo "893"]
[PlyCount "79"]
[EventDate "2010.07.06"]
[EventType "swiss"]
[EventRounds "7"]
[EventCountry "CAN"]

1. d4 d6 2. Bf4 h6 3. e3 g5 4. Bg3 b6 5. Nc3 e6 6. Nf3 Nc6 7. Bb5 Qd7 8. Qd2 a6
9. Bd3 Nf6 10. e4 Nh5 11. O-O-O Nxg3 12. fxg3 g4 13. Nh4 Nxd4 14. Rhf1 Be7 15.
Qf2 c6 16. Qxd4 Rg8 17. Qf2 Bg5+ 18. Kb1 Rf8 19. h3 a5 20. hxg4 a4 21. Nf3 Qc7
22. Nxg5 Qd7 23. Nh7 Qe7 24. Nxf8 Qxf8 25. Qxb6 Qe7 26. Qxc6+ Bd7 27. Qxa8+ Bc8
28. Qxc8+ Qd8 29. Qb7 Qd7 30. Qa8+ Qd8 31. Qxa4+ Kf8 32. Rf2 Qe7 33. Rdf1 h5
34. e5 dxe5 35. Bg6 Kg7 36. gxh5 fxg6 37. Qg4 e4 38. Nxe4 Qd7 39. Qxg6+ Kh8 40.
Rf8# 1-0

[Event "CYCC U14"]
[Site "Windsor CAN"]
[Date "2010.07.07"]
[Round "3"]
[White "Bao, Tony"]
[Black "Farrant-Diaz, Nathan"]
[Result "0-1"]
[WhiteElo "1221"]
[BlackElo "1713"]
[PlyCount "84"]
[EventDate "2010.07.06"]
[EventType "swiss"]
[EventRounds "7"]
[EventCountry "CAN"]

1. d4 b6 2. e3 Bb7 3. Nf3 e6 4. c4 Nf6 5. Nc3 d5 6. Bd2 Nbd7 7. g3 dxc4 8. Qe2
Ne4 9. Nb1 Qf6 10. Bg2 Ng5 11. Nxg5 Bxg2 12. Rg1 Bb7 13. f4 h6 14. Nf3 Qf5 15.
Nh4 Qd3 16. Bc3 Nf6 17. Nd2 Bd5 18. Rc1 Ne4 19. Nhf3 Bd6 20. Kd1 Nxd2 21. Bxd2
Bc6 22. Qxd3 Bxf3+ 23. Ke1 cxd3 24. a3 c5 25. dxc5 bxc5 26. Rc3 Be2 27. Kf2 O-O
28. Rc4 Rfb8 29. Bc3 Rd8 30. Bd2 Rab8 31. Rb1 Rb3 32. Rc3 Rxc3 33. Bxc3 Be7 34.
Bd2 Rb8 35. Ke1 c4 36. Bc3 Bxa3 37. b4 a5 38. b5 Bb4 39. Kd2 Rxb5 40. Rb2 Bxc3+
41. Kxc3 Rxb2 42. Kxb2 d2 0-1

[Event "CYCC U14"]
[Site "Windsor CAN"]
[Date "2010.07.07"]
[Round "3"]
[White "Chan, Alex"]
[Black "Qin, Zi Yi (Joey)"]
[Result "0-1"]
[WhiteElo "1820"]
[BlackElo "2340"]
[PlyCount "96"]
[EventDate "2010.07.06"]
[EventType "swiss"]
[EventRounds "7"]
[EventCountry "CAN"]

1. e4 c5 2. Nf3 d6 3. d4 cxd4 4. Nxd4 Nf6 5. Nc3 a6 6. f3 e5 7. Nb3 Be6 8. Be3
Nbd7 9. Qd2 b5 10. g4 Nb6 11. O-O-O Rc8 12. Kb1 Be7 13. Qf2 Nfd7 14. h4 Rxc3
15. bxc3 Na4 16. Bd2 Qc7 17. Qe1 Ndb6 18. Bd3 Nc4 19. Bc1 O-O 20. g5 Rc8 21.
Ka1 Ncb6 22. Bd2 d5 23. Rg1 Ba3 24. Rb1 Nc4 25. Bxc4 bxc4 26. Bc1 Bf8 27. Bb2
cxb3 28. cxb3 Nxb2 29. Kxb2 d4 30. c4 a5 31. Qe2 Qc5 32. Kc2 Qb4 33. Qd2 Qb6
34. Kd3 Bb4 35. Qc2 Qc5 36. Rgd1 Qe7 37. Rh1 f5 38. gxf6 Qxf6 39. Ke2 d3+ 40.
Qxd3 Rd8 41. Qe3 Rd2+ 42. Kf1 Qd8 43. Kg1 Qd6 44. Kf1 Bc5 45. Qc3 Rf2+ 46. Ke1
Rxa2 47. Rd1 Bf2+ 48. Kf1 Bh3+ 0-1

[Event "CYCC U14"]
[Site "Windsor CAN"]
[Date "2010.07.07"]
[Round "3"]
[White "Chuchin, Sasha"]
[Black "Kalra, Agastya"]
[Result "0-1"]
[WhiteElo "1480"]
[BlackElo "2004"]
[PlyCount "52"]
[EventDate "2010.07.06"]
[EventType "swiss"]
[EventRounds "7"]
[EventCountry "CAN"]

1. e4 c5 2. Nf3 d6 3. d4 cxd4 4. Nxd4 Nf6 5. Nc3 g6 6. h3 Bg7 7. Be3 O-O 8. Qd2
Nc6 9. Nxc6 bxc6 10. Bh6 Bxh6 11. Qxh6 Rb8 12. Rb1 Qa5 13. Qd2 Be6 14. a3 Rb7
15. Bd3 Rfb8 16. Qc1 Rxb2 17. O-O Qxc3 18. Ra1 c5 19. Re1 c4 20. Bf1 Rxc2 21.
Qd1 Rbb2 22. f3 Rd2 23. Qc1 Qd4+ 24. Kh1 Bxh3 25. Rb1 Bxg2+ 26. Bxg2 Qf2 0-1

[Event "CYCC U14"]
[Site "Windsor CAN"]
[Date "2010.07.07"]
[Round "3"]
[White "Florea, Alexandru"]
[Black "Sohal, Tanraj"]
[Result "1/2-1/2"]
[WhiteElo "2076"]
[BlackElo "2094"]
[PlyCount "74"]
[EventDate "2010.07.06"]
[EventType "swiss"]
[EventRounds "7"]
[EventCountry "CAN"]

1. e4 c5 2. Nc3 Nc6 3. f4 d6 4. Nf3 g6 5. Bc4 Bg7 6. O-O Nf6 7. d3 O-O 8. Qe1
e6 9. a3 d5 10. Ba2 Nd4 11. Qf2 b6 12. f5 dxe4 13. dxe4 exf5 14. Bg5 h6 15.
Bxf6 Bxf6 16. Bd5 Ba6 17. Rfe1 Rb8 18. e5 Nxf3+ 19. Qxf3 Bg7 20. e6 fxe6 21.
Rxe6 Kh7 22. Rae1 Qg5 23. Re7 Qd2 24. Qg3 Qd4+ 25. Kh1 f4 26. Qh3 Bc8 27. Qf3
Bf5 28. Nb5 Qxb2 29. Nc7 Qf6 30. Qxf4 Rbd8 31. Qc4 Rd7 32. Rxd7 Bxd7 33. Bf3
Qd6 34. Nd5 Bc6 35. Rd1 Bxd5 36. Bxd5 Qe5 37. Qd3 Qe7 1/2-1/2

[Event "CYCC U14"]
[Site "Windsor CAN"]
[Date "2010.07.07"]
[Round "3"]
[White "Gagnon, Justin"]
[Black "Cheng, Guy"]
[Result "1-0"]
[WhiteElo "1824"]
[BlackElo "1404"]
[PlyCount "159"]
[EventDate "2010.07.06"]
[EventType "swiss"]
[EventRounds "7"]
[EventCountry "CAN"]

1. Nf3 d5 2. b3 c5 3. Bb2 Nc6 4. e3 Bg4 5. Bb5 e6 6. Bxc6+ bxc6 7. h3 Bh5 8. g4
Bg6 9. d3 Nf6 10. Nbd2 Be7 11. Qe2 Qa5 12. Ne5 Bd6 13. Nxg6 fxg6 14. a4 O-O 15.
O-O-O Nd7 16. e4 d4 17. Nc4 Bf4+ 18. Kb1 Qc7 19. Bc1 Nb6 20. Nb2 Rab8 21. Bxf4
Rxf4 22. e5 Rbf8 23. Rdf1 Qf7 24. Rh2 Nd5 25. Nd1 Qb7 26. f3 Qb4 27. Rhf2 Qa3
28. Qd2 Nb4 29. c4 Qxb3+ 30. Qb2 Qxb2+ 31. Nxb2 Rb8 32. Kc1 Na6 33. Kc2 Rb7 34.
Ra1 Rbf7 35. Raf1 Nb8 36. a5 Kf8 37. Na4 Nd7 38. Kd1 Ke7 39. Ke2 h5 40. a6 Rf8
41. Rb1 Nxe5 42. Rb7+ Kd6 43. Rxa7 R4f7 44. Rxf7 Rxf7 45. Nb6 Kc7 46. a7 Rf8
47. a8=Q Rxa8 48. Nxa8+ Kb7 49. gxh5 Kxa8 50. hxg6 Kb7 51. Rf1 Nxg6 52. f4 Ne7
53. Rg1 Nf5 54. Rg6 Kc7 55. Rxe6 Kd7 56. Rg6 Ne7 57. Rxg7 Ke6 58. Rg5 Kf6 59.
Rxc5 Kg6 60. Re5 Kf6 61. Rxe7 Kxe7 62. Kf3 Kf6 63. Ke4 Ke6 64. h4 Kf6 65. h5 c5
66. Kd5 Kg7 67. f5 Kf7 68. h6 Kg8 69. f6 Kf7 70. h7 Kg6 71. h8=Q Kg5 72. Ke5
Kg4 73. f7 Kf3 74. f8=Q+ Ke2 75. Qf5 Kd2 76. Qh1 Kc3 77. Qc1+ Kb4 78. Qb2+ Ka4
79. Qd7+ Ka5 80. Qdb5# 1-0

[Event "CYCC U14"]
[Site "Windsor CAN"]
[Date "2010.07.07"]
[Round "3"]
[White "Haggith, Robert"]
[Black "Jeyapragasan, Kuhan"]
[Result "0-1"]
[WhiteElo "906"]
[BlackElo "1147"]
[PlyCount "132"]
[EventDate "2010.07.06"]
[EventType "swiss"]
[EventRounds "7"]
[EventCountry "CAN"]

1. e4 c5 2. Bc4 Nc6 3. Nc3 Nf6 4. Nf3 d6 5. O-O a6 6. d3 Bg4 7. Bg5 e6 8. h3
Bh5 9. Bf4 Nd4 10. e5 d5 11. Bb3 Nd7 12. Ba4 b5 13. Bb3 Qc7 14. a4 b4 15. Nb1
f6 16. Re1 g5 17. Bg3 f5 18. c3 Nc6 19. c4 d4 20. Qd2 Bxf3 21. gxf3 f4 22. Bxf4
gxf4 23. Qxf4 Ndxe5 24. Qe4 Rg8+ 25. Kf1 Qg7 26. Ke2 Qg6 27. Kd2 Qxe4 28. Rxe4
Nxf3+ 29. Ke2 Nfe5 30. Rh4 Ra7 31. Rh6 Bxh6 32. Nd2 Na5 33. Bc2 Rf8 34. Ne4 Rc7
35. Rg1 Nb7 36. a5 Nxa5 37. Ba4+ Ke7 38. Ng5 Rg8 39. Nxe6 Rxg1 40. Nxc7 Rb1 41.
Nxa6 Rxb2+ 42. Kd1 Nxd3 43. Bc2 Nxf2+ 44. Ke1 Rxc2 45. Nxc5 Nxc4 46. Na6 Ne3
47. Nxb4 Re2+ 48. Kxe2 Nxh3 49. Nc6+ Kf6 50. Nxd4 Nf5 51. Nxf5 Kxf5 52. Kf3 Bf4
53. Kg2 Kg4 54. Kh1 Nf2+ 55. Kg2 Ne4 56. Kh1 h5 57. Kg2 h4 58. Kh1 Be3 59. Kg2
h3+ 60. Kh1 Bf4 61. Kg1 Kg3 62. Kh1 Nf2+ 63. Kg1 h2+ 64. Kf1 h1=Q+ 65. Ke2 Qf3+
66. Ke1 Qd1# 0-1

[Event "CYCC U14"]
[Site "Windsor CAN"]
[Date "2010.07.07"]
[Round "3"]
[White "Itkin, David"]
[Black "Myers, Joshua"]
[Result "1-0"]
[WhiteElo "1966"]
[BlackElo "1498"]
[PlyCount "115"]
[EventDate "2010.07.06"]
[EventType "swiss"]
[EventRounds "7"]
[EventCountry "CAN"]

1. e4 c5 2. Nc3 e6 3. Nf3 Nc6 4. Bb5 Be7 5. Bxc6 dxc6 6. d3 Nf6 7. O-O O-O 8.
Ne5 Qc7 9. f4 b6 10. Qf3 Ba6 11. Qg3 Rad8 12. b3 Nd7 13. Nf3 f5 14. Bb2 Nf6 15.
Ng5 Bc8 16. Rae1 h6 17. Nh3 Ng4 18. Nf2 Nxf2 19. Rxf2 Bf6 20. e5 Be7 21. Rf3
Kh7 22. Qh3 Bd7 23. g4 g6 24. g5 h5 25. Ne2 Kg7 26. a4 b5 27. Ra1 Qb6 28. Kh1
c4 29. d4 c5 30. d5 Ra8 31. d6 Bd8 32. Kg1 Bc6 33. a5 Qb7 34. Rf2 cxb3 35. cxb3
a6 36. Qc3 Qa7 37. Ba3 Rc8 38. Qxc5 Qxc5 39. Bxc5 Bd5 40. b4 Bc4 41. d7 Rxc5
42. bxc5 Bc7 43. Nd4 Bd5 44. Rc2 Kf7 45. Kf2 Ke7 46. c6 Bc4 47. Ke3 Rb8 48. Rb1
Bd5 49. Rc5 Bc4 50. Nc2 Kd8 51. Rxc4 bxc4 52. Rxb8+ Bxb8 53. Na3 Ba7+ 54. Ke2
c3 55. Kd3 Bg1 56. Nc4 c2 57. Kxc2 Bxh2 58. Nd6 1-0

[Event "CYCC U14"]
[Site "Windsor CAN"]
[Date "2010.07.07"]
[Round "3"]
[White "Passador, Stephen"]
[Black "Wang, Yuekai"]
[Result "1/2-1/2"]
[WhiteElo "1362"]
[BlackElo "1915"]
[PlyCount "119"]
[EventDate "2010.07.06"]
[EventType "swiss"]
[EventRounds "7"]
[EventCountry "CAN"]

1. d4 d5 2. c4 e6 3. Nc3 Nf6 4. Bf4 Bb4 5. e3 Ne4 6. Nge2 c5 7. f3 Nf6 8. a3
cxd4 9. Qa4+ Nc6 10. Nxd4 Bxc3+ 11. bxc3 Bd7 12. cxd5 Nxd5 13. Nxc6 Bxc6 14.
Bb5 O-O 15. Rd1 Qf6 16. Bxc6 Qxc3+ 17. Kf2 bxc6 18. Rhe1 Qb2+ 19. Re2 Qb5 20.
Qxb5 cxb5 21. Rb2 Nxf4 22. exf4 a6 23. Rd4 Rfd8 24. Rbd2 Rxd4 25. Rxd4 Kf8 26.
a4 Ke7 27. Ke3 Ra7 28. g4 f6 29. Ke4 g6 30. f5 gxf5+ 31. gxf5 e5 32. Rb4 Kd6
33. Kd3 Kc5 34. Kc3 Rd7 35. axb5 axb5 36. Rh4 Rf7 37. Rg4 Rc7 38. Kb3 Rb7 39.
h4 b4 40. h5 Rd7 41. Rc4+ Kd5 42. h6 Rb7 43. Rg4 Rc7 44. Rg7 Rc3+ 45. Kxb4 Rxf3
46. Rxh7 Ke4 47. Ra7 Rh3 48. h7 Kxf5 49. Kc4 Kg6 50. Kd5 Rxh7 51. Ra1 Rd7+ 52.
Ke6 Rd8 53. Rg1+ Kh5 54. Kxf6 Re8 55. Kf5 Kh4 56. Ke4 Kh3 57. Rd1 Kg3 58. Rd5
Kg4 59. Rxe5 Rxe5+ 60. Kxe5 1/2-1/2

[Event "CYCC U14"]
[Site "Windsor CAN"]
[Date "2010.07.07"]
[Round "3"]
[White "Posaratnanathan, Juliaan"]
[Black "Su, Stanley"]
[Result "1-0"]
[WhiteElo "1768"]
[BlackElo "1608"]
[PlyCount "75"]
[EventDate "2010.07.06"]
[EventType "swiss"]
[EventRounds "7"]
[EventCountry "CAN"]

1. e4 e5 2. Nf3 Nc6 3. Bb5 a6 4. Ba4 d6 5. d4 Bd7 6. O-O Nf6 7. Re1 b5 8. Bb3
Be7 9. c3 O-O 10. Nbd2 Bg4 11. h3 Bh5 12. Nf1 exd4 13. cxd4 Bxf3 14. gxf3 Nd7
15. Bd5 Ndb8 16. Be3 a5 17. Qe2 b4 18. Rec1 Ra6 19. Bxc6 Rxc6 20. Rxc6 Nxc6 21.
Qb5 Qe8 22. Kg2 Bd8 23. Rc1 Ne7 24. Qxa5 f5 25. exf5 Nxf5 26. Qd5+ Kh8 27. Qe4
Nh4+ 28. Kh1 Nxf3 29. Qxe8 Rxe8 30. a3 bxa3 31. bxa3 Bf6 32. d5 Bb2 33. Rxc7
Bxa3 34. Nh2 Nxh2 35. Kxh2 Bb2 36. Bf4 Be5 37. Bxe5 dxe5 38. d6 1-0

[Event "CYCC U14"]
[Site "Windsor CAN"]
[Date "2010.07.07"]
[Round "3"]
[White "Schneider, Corin"]
[Black "Zhao, Donovan"]
[Result "0-1"]
[WhiteElo "1630"]
[BlackElo "1656"]
[PlyCount "70"]
[EventDate "2010.07.06"]
[EventType "swiss"]
[EventRounds "7"]
[EventCountry "CAN"]

1. d4 d5 2. c4 e6 3. Nc3 Nf6 4. Nf3 c6 5. Bg5 Nbd7 6. e3 Qa5 7. Bd3 Bb4 8. Qd2
dxc4 9. Bxc4 Ne4 10. Qc1 Nxg5 11. Nxg5 Qxg5 12. O-O Nb6 13. Bd3 Bxc3 14. bxc3
O-O 15. e4 Qxc1 16. Raxc1 c5 17. Be2 cxd4 18. cxd4 Bd7 19. Bf3 Rac8 20. e5 Nd5
21. Rb1 b6 22. Rfc1 Rxc1+ 23. Rxc1 Rc8 24. Rxc8+ Bxc8 25. Bxd5 exd5 26. f4 a5
27. Kf2 b5 28. Ke2 b4 29. Kd3 h5 30. h4 Bf5+ 31. Kd2 a4 32. Kc1 Kf8 33. Kb2 Ke7
34. a3 b3 35. Kc3 Kd7 0-1